|
|
|
|
| LEADER |
01189nam a22002537a 4500 |
| 001 |
AAL9617 |
| 003 |
BD-DhAAL |
| 005 |
20180529105327.0 |
| 008 |
180529s 2017bg ||||| |||| 00| 0 ben d |
| 999 |
|
|
|c 39472
|d 39472
|
| 020 |
|
|
|a 9789845260398
|
| 040 |
|
|
|a BD-DhAAL
|d BD-DhAAL
|
| 082 |
|
|
|a 306.4/495492
|
| 245 |
|
|
|a রাষ্ট্রভাষা আন্দোলন :
|b ইতিহাস ও অনুষঙ্গ /
|c সম্পাদনা আহমদ রফিক, এম আর মাহবুব
|n ১ম খণ্ড
|
| 260 |
|
|
|a ঢাকা :
|b অনিন্দ্য প্রকাশ,
|c ২০১৭.
|
| 300 |
|
|
|a 390 p. ;
|c 22 cm.
|
| 541 |
|
|
|e 9617
|
| 650 |
|
|
|a Bengali language movement
|x History
|z Bangladesh
|9 26051
|
| 650 |
|
|
|a Bengali language
|x Political aspects
|z Bangladesh
|9 26052
|
| 700 |
|
|
|a রফিক, আহমদ
|9 26053
|
| 700 |
|
|
|a মাহবুব, এম আর
|9 26054
|
| 852 |
|
|
|a Savar Campus Library
|c General Shelf
|
| 942 |
|
|
|2 ddc
|c BK
|
| 952 |
|
|
|0 0
|1 0
|2 ddc
|4 0
|6 306_400000000000000_495492_RAS
|7 0
|9 63462
|a SCL
|b SCL
|c GEN
|d 2018-05-29
|e Development Book Agency
|g 600.00
|l 4
|o 306.4495492 RAS
|p 3020009617
|r 2025-05-01
|s 2025-04-28
|t 1
|w 2018-05-29
|y BK
|